Políticas macroeconómicas y sus efectos en lo social: criterios para el diseño y puesta en práctica de modelos alternativos de intervención social /
El tema de las políticas macroeconómicas y sus efectos en lo social constituye el marco general de análisis para repensar modelos alternativos de intervención social y brindar elementos para la formulación y gestión de las políticas y programas sociales, a la luz del nuevo milenio. Pone al descubier...
Salvato in:
| Autore principale: | |
|---|---|
| Natura: | testo |
| Soggetti: | |
| Tags: |
Aggiungi Tag
Nessun Tag, puoi essere il primo ad aggiungerne!!
|
MARC
| LEADER | 00000 a a2200000 04500 | ||
|---|---|---|---|
| 001 | 15389 | ||
| 003 | |||
| 040 | |||
| 100 | |a Romero Rodríguez, Carmen María | ||
| 245 | |a Políticas macroeconómicas y sus efectos en lo social: criterios para el diseño y puesta en práctica de modelos alternativos de intervención social / |c Carmen María Romero Rodríguez | ||
| 500 | |a Charla inaugural para el V Congreso y II Internacional de Trabajo Social: "Hacia la construcción de enfoques alternativos de trabajo social para el nuevo milenio, San José, CR, 4-6 mayo 1999 | ||
| 520 | |a El tema de las políticas macroeconómicas y sus efectos en lo social constituye el marco general de análisis para repensar modelos alternativos de intervención social y brindar elementos para la formulación y gestión de las políticas y programas sociales, a la luz del nuevo milenio. Pone al descubierto la posición de las agencias financieras internacionales y de los gobiernos de la región, en relación con el tema de lo social, descubriendo al mismo tiempo, las excelentes oportunidades para desempeñar una tarea de manera eficiente y comprometida con la realidad. REV/LCL | ||
| 650 | |a MACROECONOMIA | ||
| 650 | |a POLITICA ECONOMICA | ||
| 650 | |a REFORMA ECONOMICA | ||
| 650 | |a POLITICA SOCIAL | ||
| 650 | |a REFORMA SOCIAL | ||
| 650 | |a DESARROLLO ECONOMICO Y SOCIAL | ||
| 650 | |a MODELOS ECONOMICOS | ||
| 650 | |a CONDICIONES SOCIALES | ||
| 650 | |a PUB.IIS | ||
| 773 | |g volumen 43, número 86 -87; páginas 125-137 | ||
| 999 | |c 34046 |d 34046 | ||
| 773 | 0 | |0 37096 |9 3050 |a Villalobos Céspedes, Daniel |o 16985 |t Impacto de la crisis asiática en Costa Rica / |w ()15385 | |
| 773 | 0 | |0 18728 |9 4432 |a Universidad de Costa Rica. |d San José, Costa Rica Editorial UCR 1959- |o 16988 |t Revista de Ciencias Sociales/ |x 04825276 | |
